000 00718nam2a22002051 4500
001 RU\NLR\A1SV\130604
005 20251214192246.0
035 _a(NLR Aleph) 010521369
090 _a13490459
_c13490459
100 _a20141029d1922 u y0rusy50 ca
101 0 _arus
200 0 _aВып.1
215 _a16 с.
461 1 _1001RU\NLR\A1SV\130603
_12000#$aПесни цветов$fКонстантин Конст.$vВып.1
_1700#1$aКонст$bК.$gКонстантин
_910215328
_aКонст, К.
_cЯрославль
_d1922
_fКонстантин Конст.
_nИзд. авт.
_tПесни цветов
_vВып.1
801 0 _aRU
_bNLR
_c20141029
852 _aNLR
942 _cBOOK
980 _aA1SV
980 _aNB